| 000 | 01419nam a2200325 4500 | ||
|---|---|---|---|
| 001 | 174552 | ||
| 003 | ES-MaACL | ||
| 005 | 20250819164027.0 | ||
| 008 | 100505s1988 ck |||| |bspa d | ||
| 020 | _a958-643-008-1 | ||
| 080 | _a986.1"18"(093) | ||
| 080 | _a929 Santander, Francisco de Paula | ||
| 100 | 1 |
_aSantander, Francisco de Paula. _9142712 |
|
| 245 | 1 | 0 |
_aEscritos autobiográficos 1820-1840 / _cFrancisco de Paula Santander ; [presentación, Virgilio Barco ; prólogo, Guillermo Hernández de Alba]. |
| 250 | _a1ª ed. | ||
| 260 |
_aBogotá : _bBiblioteca de la Presidencia de la República : _bFundación Francisco de Paula Santander, _c1988. |
||
| 300 |
_aXXIII, 293, [4] p. : _bil. ; _c24 cm. |
||
| 490 | 1 |
_aBiblioteca Presidencia de la República. _aDocumentos |
|
| 500 | _aÍndices. | ||
| 500 | _aCronología. | ||
| 501 | _aCon: Testamento del general Santander. | ||
| 594 | _aPrecede al tít.: Fundación para la Conmemoración del Bicentenario del Natalicio y el Sesquicentenario de la Muerte del General Francisco de Paula Santander. | ||
| 600 | 1 | 4 |
_aSantander, Francisco de Paula. _9142712 |
| 651 | 7 |
_aColombia- _xHistoria- _y1810- _9142713 |
|
| 700 | 1 |
_aBarco, Virgilio. _9142717 |
|
| 700 | 0 |
_aHernández de Alba, Guillermo, _d1906-1988 _962916 |
|
| 830 | 0 | 0 |
_aBiblioteca Presidencia de la República _9223702 |
| 852 | 4 |
_a BA _jC-57192 |
|
| 999 |
_c174552 _d174552 |
||